000
00327nam a2200157Ia 4500
001
14588
003
IN-NITTTR
005
20251114233137.0
008
251113s9999||||xx |||||||||||||| ||eng||
040
_b
eng
040
_c
IN-NITTTR
041
_a
eng
082
_a
823 S23M
245
0
_a
Miracles happen. /
942
_2
ddc
_c
BK
999
_c
17224
_d
17224